| 000 | 00586nam a2200181 i 4500 | ||
|---|---|---|---|
| 001 | 81684 | ||
| 003 | ES-MaACL | ||
| 005 | 20230906174505.0 | ||
| 007 | t| | ||
| 008 | 041105s1968 sp ||||1| spa d | ||
| 100 | 1 |
_aHulse, Frederick S. _964698 |
|
| 245 | 1 | 4 |
_aLa especie humana _b: introducción a la antropología física / _cFrederick S. Hulse ; traducción del inglés por Luis Escolar Bareño. |
| 250 | _a[1ª ed.]. | ||
| 260 |
_a[Madrid] : _bAguilar, _c[1968] |
||
| 300 |
_a469 p. ; _c22 cm. |
||
| 700 | 1 |
_aEscolar Bareño, Luis. _947605 |
|
| 852 |
_aES-MaACL _jC-35232 _bR.68053 |
||
| 999 |
_c81684 _d81684 |
||